| 000 | 00513nam a2200157 i 4500 | ||
|---|---|---|---|
| 001 | 41303 | ||
| 003 | ES-MaACL | ||
| 007 | t| | ||
| 008 | 030310s1973 sp ||||1| spa d | ||
| 100 | 1 |
_aCashdan, Sheldon. _936309 |
|
| 245 | 1 | 0 |
_aPsicología de la conducta anormal / _cSheldon Cashdan ; traducción y adaptación Gustavo Fernández. |
| 260 |
_aMadrid, etc. : _bPrintice-Hall, _c[1973] |
||
| 300 |
_aXVI, 158 p. : _bil. ; _c24 cm. |
||
| 700 | 1 |
_aFernández, Gustavo. _949370 |
|
| 852 |
_aES-MaACL _jE-7707 _bR.91824 |
||
| 999 |
_c41303 _d41303 |
||